[Event "Podturen Mavrin Memorial 6th"]
[Site "Podturen"]
[Date "2018.01.06"]
[Round "4"]
[White "Jezidzic, Gordan"]
[Black "Zadravec, Matija"]
[Result "0-1"]
[WhiteElo "2010"]
[BlackElo "2203"]
[PlyCount "58"]
[EventDate "2018.01.04"]
[EventType "swiss"]
[EventRounds "7"]
[EventCountry "CRO"]
[SourceTitle "CBM 182 Extra"]
[Source "ChessBase"]
[SourceDate "2018.02.23"]
[SourceVersion "1"]
[SourceVersionDate "2018.02.23"]
[SourceQuality "1"]

1. d4 Nf6 2. c4 e6 3. Nf3 Bb4+ 4. Nbd2 0-0 5. Qc2 d5 6. a3 Be7 7. e3 b6 8. b3 Bb7 9. Bb2 Nbd7 10. Bd3 c5 11. 0-0 Rc8 12. Ne5 b5 13. Nxd7 Qxd7 14. dxc5 dxc4 15. Be2 Rxc5 16. bxc4 bxc4 17. Bd4 Rc7 18. Rfd1 c3 19. Nf3 Be4 20. Bd3 Qc6 21. Ne5 Qa8 22. f3 Bxd3 23. Rxd3 Rfc8 24. e4 Bc5 25. Qxc3 Bd6 26. Qa5 h6 27. Rad1 Qb8 28. Bf2 Bc5 29. Nd7 Nxd7 0-1

[Event "Podturen Mavrin Memorial 6th"]
[Site "Podturen"]
[Date "2018.01.05"]
[Round "3"]
[White "Mesar, Antun"]
[Black "Jezidzic, Gordan"]
[Result "0-1"]
[WhiteElo "1767"]
[BlackElo "2010"]
[PlyCount "60"]
[EventDate "2018.01.04"]
[EventType "swiss"]
[EventRounds "7"]
[EventCountry "CRO"]
[SourceTitle "CBM 182 Extra"]
[Source "ChessBase"]
[SourceDate "2018.02.23"]
[SourceVersion "1"]
[SourceVersionDate "2018.02.23"]
[SourceQuality "1"]

1. e4 c5 2. Nf3 e6 3. d4 cxd4 4. Nxd4 a6 5. Nc3 Qc7 6. Be3 Nf6 7. Bd3 Nc6 8. 0-0 h5 9. h3 Bd6 10. Qd2 Bh2+ 11. Kh1 Be5 12. Nxc6 Qxc6 13. f3 b5 14. Rab1 h4 15. Ne2 Bb7 16. Nd4 Qc7 17. Rfc1 d5 18. exd5 Nxd5 19. Be4 Rd8 20. Bxd5 Rxd5 21. Qf2 Bf6 22. c4 bxc4 23. b3 c3 24. Rc2 0-0 25. Rbc1 Qd7 26. Rxc3 Bxd4 27. Bxd4 Rxd4 28. Rc7 Rd1+ 29. Kh2 Qd6+ 30. f4 Rxc1 0-1

[Event "Hum na Sutli op 11th"]
[Site "Hum na Sutli"]
[Date "2017.08.26"]
[Round "2"]
[White "Zufic, Miroslav"]
[Black "Jezidzic, Gordan"]
[Result "1-0"]
[WhiteElo "2395"]
[BlackElo "2005"]
[PlyCount "57"]
[EventDate "2017.08.25"]
[EventType "swiss"]
[EventRounds "9"]
[EventCountry "CRO"]
[SourceTitle "EXT 2018"]
[Source "ChessBase"]
[SourceDate "2017.10.13"]
[SourceVersion "1"]
[SourceVersionDate "2017.10.13"]
[SourceQuality "1"]

1. e4 c5 2. Nf3 e6 3. d4 cxd4 4. Nxd4 a6 5. Bd3 Qc7 6. 0-0 Nf6 7. Qe2 Nc6 8. Nxc6 dxc6 9. f4 e5 10. Kh1 Bd6 11. Nd2 b5 12. fxe5 Bxe5 13. Nf3 Bg4 14. Qf2 Bxf3 15. gxf3 Nd7 16. f4 Bd6 17. e5 Be7 18. Be3 g6 19. c4 b4 20. c5 0-0 21. Bc4 Rad8 22. Rad1 Qa7 23. Rd6 Bxd6 24. cxd6 Qb7 25. f5 Nxe5 26. fxg6 c5+ 27. Kg1 Nxc4 28. gxh7+ Kh8 29. Qf6+ 1-0

[Event "Hum na Sutli op 9th"]
[Site "Hum na Sutli"]
[Date "2015.09.04"]
[Round "8"]
[White "Djoric, Dusan"]
[Black "Jezidzic, Gordan"]
[Result "1-0"]
[WhiteElo "2288"]
[BlackElo "2105"]
[PlyCount "51"]
[EventDate "2015.08.28"]
[EventType "swiss"]
[EventRounds "9"]
[EventCountry "CRO"]
[SourceTitle "EXT 2016"]
[Source "ChessBase"]
[SourceDate "2015.10.08"]
[SourceVersion "1"]
[SourceVersionDate "2015.10.08"]
[SourceQuality "1"]

1. d4 c5 2. d5 Nf6 3. Nc3 g6 4. e4 d6 5. Bb5+ Nfd7 6. a4 Bg7 7. Nf3 0-0 8. 0-0 Na6 9. Bf4 Nc7 10. Bd3 Nf6 11. h3 e5 12. dxe6 Nxe6 13. Bh2 d5 14. Nxd5 Nxd5 15. exd5 Qxd5 16. c3 Ng5 17. Be2 Qf5 18. Nxg5 Qxg5 19. Qc1 Qe7 20. Re1 Be5 21. Bxe5 Qxe5 22. Bc4 Qc7 23. Qg5 Bd7 24. Re7 Rae8 25. Rd1 Rd8 26. Qf6 1-0

[Event "Kastav Summer op"]
[Site "Kastav"]
[Date "2015.08.21"]
[Round "5"]
[White "Dasic, Lana"]
[Black "Jezidzic, Gordan"]
[Result "0-1"]
[WhiteElo "1614"]
[BlackElo "2105"]
[PlyCount "56"]
[EventDate "2015.08.19"]
[EventType "swiss"]
[EventRounds "9"]
[EventCountry "CRO"]
[SourceTitle "EXT 2016"]
[Source "ChessBase"]
[SourceDate "2015.10.08"]
[SourceVersion "1"]
[SourceVersionDate "2015.10.08"]
[SourceQuality "1"]

1. e4 c5 2. Nf3 e6 3. d4 cxd4 4. Nxd4 a6 5. Nc3 Qc7 6. a3 Nf6 7. Be3 b5 8. Bd3 Bb7 9. f3 Bd6 10. g3 Bc5 11. Nce2 d5 12. exd5 Nxd5 13. Bf2 e5 14. Nf5 Bxf2+ 15. Kxf2 Qc5+ 16. Ke1 g6 17. Nh4 Nc6 18. Ng2 Rd8 19. Qc1 0-0 20. Be4 Nd4 21. Nxd4 exd4 22. b4 Qc3+ 23. Kf2 f5 24. Bd3 Ne3 25. Nxe3 dxe3+ 26. Qxe3 Rfe8 27. Qf4 Rxd3 28. cxd3 Qb2+ 0-1

[Event "Kastav Summer op"]
[Site "Kastav"]
[Date "2015.08.19"]
[Round "1"]
[White "Jezidzic, Gordan"]
[Black "Vujic, Viktorija"]
[Result "1/2-1/2"]
[WhiteElo "2105"]
[BlackElo "1600"]
[PlyCount "113"]
[EventDate "2015.08.19"]
[EventType "swiss"]
[EventRounds "9"]
[EventCountry "CRO"]
[SourceTitle "EXT 2016"]
[Source "ChessBase"]
[SourceDate "2015.10.08"]
[SourceVersion "1"]
[SourceVersionDate "2015.10.08"]
[SourceQuality "1"]

1. c4 e5 2. g3 Bc5 3. Bg2 Nc6 4. Nc3 d6 5. Na4 Bb6 6. Nxb6 axb6 7. d3 Nf6 8. Nf3 Bg4 9. h3 Bh5 10. 0-0 0-0 11. a3 h6 12. b4 Nxb4 13. Bxh6 Nc6 14. Bg5 Qe7 15. g4 Bg6 16. Nh4 Bh7 17. e4 Qe6 18. Be3 Nd7 19. Kh1 f6 20. Rg1 Kh8 21. Nf5 g6 22. Ng3 Qe7 23. Qd2 Nc5 24. Ra2 Nb3 25. Qc3 Nbd4 26. Ne2 Nxe2 27. Rxe2 Qd7 28. f4 f5 29. exf5 gxf5 30. g5 Rfe8 31. Bd5 Bg6 32. Kh2 Kh7 33. Qe1 Kg7 34. Qa1 Kh7 35. Qe1 Kg7 36. Qc3 Kh7 37. Rf2 Rab8 38. h4 exf4 39. h5 Bxh5 40. g6+ Bxg6 41. Qf6 Qg7 42. Qh4+ Qh6 43. Qxh6+ Kxh6 44. Bxf4+ Kg7 45. Rfg2 Rh8+ 46. Kg3 Ne5 47. d4 Ng4 48. Bf3 Kf7 49. Bxg4 fxg4 50. Kxg4 Bh5+ 51. Kf5 Rbf8 52. Rg7+ Ke8+ 53. Ke4 Rf7 54. Rg8+ Rxg8 55. Rxg8+ Kd7 56. Bg5 Bf3+ 57. Ke3 1/2-1/2

[Event "Rijeka Paris Memorial 36th"]
[Site "Rijeka"]
[Date "2015.07.10"]
[Round "9"]
[White "Jezidzic, Gordan"]
[Black "Vujnovic, Patricija"]
[Result "0-1"]
[WhiteElo "2091"]
[BlackElo "2081"]
[PlyCount "84"]
[EventDate "2015.07.03"]
[EventType "swiss"]
[EventRounds "9"]
[EventCountry "CRO"]
[SourceTitle "CBM 167 Extra"]
[Source "ChessBase"]
[SourceDate "2015.09.14"]
[SourceVersion "1"]
[SourceVersionDate "2015.09.14"]
[SourceQuality "1"]

1. d4 Nf6 2. c4 g6 3. Nc3 d5 4. Nf3 Bg7 5. Qa4+ c6 6. cxd5 Nxd5 7. e4 Nb6 8. Qd1 Bg4 9. Be3 0-0 10. Be2 N8d7 11. Qd2 e5 12. Rd1 Bxf3 13. gxf3 exd4 14. Bxd4 Nf6 15. Qe3 Qc7 16. a4 Rfe8 17. Qg5 Nh5 18. a5 Nc8 19. Be3 Be5 20. Qg4 Nd6 21. 0-0 Rad8 22. a6 b6 23. Bg5 f6 24. Be3 Nf7 25. Bc4 Bxh2+ 26. Kg2 Kg7 27. Rxd8 Rxd8 28. Bb3 Bf4 29. Bxf7 Kxf7 30. Nd1 Bxe3 31. fxe3 Rd2+ 32. Nf2 Qd7 33. Qh4 Qd3 34. e5 Qxe3 35. exf6 Qf4 36. Qxf4 Nxf4+ 37. Kg3 Nh5+ 38. Kg4 Nxf6+ 39. Kf4 Rxb2 40. Nd3 Nd5+ 41. Ke4 Re2+ 42. Kd4 Rd2 0-1

[Event "Mediterranean op 6th"]
[Site "Rijeka"]
[Date "2013.12.04"]
[Round "6"]
[White "Jezidzic, Gordan"]
[Black "Fucak, Emilijo"]
[Result "1/2-1/2"]
[WhiteElo "2166"]
[BlackElo "2223"]
[PlyCount "23"]
[EventDate "2013.11.30"]
[EventType "swiss"]
[EventRounds "9"]
[EventCountry "CRO"]
[SourceTitle "CBM 157 Extra"]
[Source "ChessBase"]
[SourceDate "2013.12.19"]
[SourceVersion "1"]
[SourceVersionDate "2013.12.19"]
[SourceQuality "1"]

1. d4 Nf6 2. Bg5 e6 3. Nd2 d5 4. e3 c5 5. Ngf3 h6 6. Bh4 Be7 7. c3 Nh5 8. Bxe7 Qxe7 9. Ne5 Nf6 10. Bd3 Nc6 11. f4 Bd7 12. Ndf3 1/2-1/2

[Event "Mediterranean op 6th"]
[Site "Rijeka"]
[Date "2013.12.02"]
[Round "4"]
[White "Hrescak, Ivana"]
[Black "Jezidzic, Gordan"]
[Result "0-1"]
[WhiteElo "1869"]
[BlackElo "2166"]
[PlyCount "58"]
[EventDate "2013.11.30"]
[EventType "swiss"]
[EventRounds "9"]
[EventCountry "CRO"]
[SourceTitle "CBM 157 Extra"]
[Source "ChessBase"]
[SourceDate "2013.12.19"]
[SourceVersion "1"]
[SourceVersionDate "2013.12.19"]
[SourceQuality "1"]

1. d4 c5 2. d5 Nf6 3. c4 g6 4. Nc3 Bg7 5. e4 d6 6. f4 0-0 7. h3 e6 8. Nf3 exd5 9. exd5 Re8+ 10. Be2 Nh5 11. 0-0 Ng3 12. Re1 h6 13. Kh2 Nxe2 14. Nxe2 Na6 15. a3 Nc7 16. g4 b5 17. cxb5 Nxb5 18. Ng3 Rxe1 19. Qxe1 Bb7 20. Qd1 Nc7 21. f5 Bxd5 22. fxg6 fxg6 23. g5 Qf8 24. gxh6 Be5 25. Kg2 Qf7 26. h7+ Kh8 27. Qe2 Ne6 28. Qd3 Rb8 29. Qxd5 Nf4+ 0-1

[Event "CRO-chT2 1B League qual"]
[Site "Opatija"]
[Date "2012.11.25"]
[Round "3.1"]
[White "Jezidzic, Gordan"]
[Black "Jakovljevic, Vlado"]
[Result "1/2-1/2"]
[WhiteElo "2194"]
[BlackElo "2411"]
[PlyCount "66"]
[EventDate "2012.11.24"]
[EventType "team-tourn"]
[EventRounds "3"]
[EventCountry "CRO"]
[SourceTitle "EXT 2014"]
[Source "ChessBase"]
[SourceDate "2013.11.20"]
[SourceVersion "1"]
[SourceVersionDate "2013.11.20"]
[SourceQuality "1"]
[WhiteTeam "Karlobag"]
[BlackTeam "Zadar"]
[WhiteTeamCountry "CRO"]
[BlackTeamCountry "CRO"]

1. d4 Nf6 2. Nf3 e6 3. c4 Bb4+ 4. Bd2 c5 5. dxc5 Bxc5 6. Bc3 Nc6 7. e3 0-0 8. Nbd2 d5 9. a3 a5 10. Rc1 d4 11. exd4 Nxd4 12. Nxd4 Bxd4 13. Be2 e5 14. 0-0 Bf5 15. Nf3 Bxc3 16. Rxc3 Qc7 17. Qc1 Rfe8 18. Re1 a4 19. c5 Nd5 20. Rc4 Bd7 21. Qc2 h6 22. Bf1 Rac8 23. b4 axb3 24. Qxb3 Be6 25. Qb2 f6 26. Rcc1 Ra8 27. Bb5 Rec8 28. Nd4 exd4 29. Rxe6 Nc3 30. Qb3 Kh8 31. Rce1 Qxc5 32. Bd3 b5 33. Re7 Qd5 1/2-1/2

[Event "CRO-chT2 West"]
[Site "Rijeka"]
[Date "2012.10.14"]
[Round "8.44"]
[White "Jezidzic, Gordan"]
[Black "Kirincic, Marko"]
[Result "1-0"]
[WhiteElo "2197"]
[BlackElo "1854"]
[PlyCount "99"]
[EventDate "2012.03.17"]
[EventType "team-tourn"]
[EventRounds "9"]
[EventCountry "CRO"]
[SourceTitle "EXT 2013"]
[Source "ChessBase"]
[SourceDate "2012.11.22"]
[SourceVersion "1"]
[SourceVersionDate "2012.11.22"]
[SourceQuality "1"]

1. Nf3 c5 2. c4 Nc6 3. Nc3 Nf6 4. e3 e6 5. d4 d5 6. cxd5 Nxd5 7. Bd3 cxd4 8. exd4 Be7 9. 0-0 0-0 10. Re1 a6 11. a3 b5 12. Nxd5 exd5 13. Bxh7+ Kxh7 14. Qc2+ g6 15. Qxc6 Bf5 16. Bf4 Ra7 17. Rac1 b4 18. Bc7 Qe8 19. Rxe7 Qxe7 20. Bd6 Qd8 21. Bxf8 Qxf8 22. Qc5 Qxc5 23. dxc5 bxa3 24. bxa3 Rc7 25. Nd4 Bd3 26. f3 Kg7 27. Kf2 Kf6 28. Ke3 Bc4 29. c6 Ke5 30. Rb1 Kd6 31. Rb7 Rxb7 32. cxb7 Kc7 33. Kf4 Kxb7 34. Ke5 Kb6 35. Kd6 Ka5 36. h4 Ka4 37. g4 Kxa3 38. h5 gxh5 39. gxh5 a5 40. f4 a4 41. h6 Bd3 42. f5 Kb2 43. h7 a3 44. h8Q a2 45. Qb8+ Kc3 46. Qa7 Bc4 47. Kc5 f6 48. Qa3+ Kd2 49. Qb2+ Kd1 50. Nb3 1-0